[Event "LSS No Engine Cup 229 Preliminary 0"]
[Site "LSS email"]
[Date "2022.08.25"]
[Round "?"]
[White "Kaupat, Thomas"]
[Black "Utrera, Leif"]
[Result "0-1"]
[WhiteElo "1600"]
[BlackElo "1600"]
[PlyCount "66"]
[EventDate "2022.08.25"]
[EventType "tourn (corr)"]
[EventRounds "6"]
[EventCountry "GER"]
[SourceTitle "Corr 2024"]
[Source "ChessBase"]
[SourceDate "2023.10.19"]
[SourceVersion "1"]
[SourceVersionDate "2023.10.19"]
[SourceQuality "1"]

1. e4 e5 2. Nf3 Nc6 3. Bc4 Bc5 4. b4 Bxb4 5. c3 Ba5 6. d4 d6 7. 0-0 Bg4 8. Bb5 exd4 9. cxd4 Nge7 10. d5 a6 11. dxc6 axb5 12. cxb7 Rb8 13. a4 b4 14. Nbd2 Rxb7 15. h3 Bh5 16. Nb3 Bb6 17. a5 Ba7 18. a6 Rb8 19. Be3 Bxe3 20. fxe3 0-0 21. Qd4 c5 22. Qd2 Bxf3 23. gxf3 c4 24. Nd4 b3 25. a7 Ra8 26. Qb4 d5 27. Qb7 Qd6 28. Kg2 Rfd8 29. Rfb1 dxe4 30. fxe4 Ng6 31. Nb5 Nh4+ 32. Kh1 Qg3 33. Rb2 Nf3 0-1

[Event "OP-2022-0-05285"]
[Site "LSS email"]
[Date "2022.05.07"]
[Round "?"]
[White "Molina, Vicente Andres"]
[Black "Kaupat, Thomas"]
[Result "0-1"]
[WhiteElo "858"]
[BlackElo "1595"]
[PlyCount "64"]
[EventDate "2022.04.27"]
[EventType "tourn (corr)"]
[EventRounds "4"]
[EventCountry "GER"]
[SourceTitle "Corr 2024"]
[Source "ChessBase"]
[SourceDate "2023.10.19"]
[SourceVersion "1"]
[SourceVersionDate "2023.10.19"]
[SourceQuality "1"]

1. e4 e5 2. Nf3 f5 3. Bc4 fxe4 4. Nxe5 Qg5 5. d4 Qxg2 6. Rf1 Nf6 7. Bf4 Bb4+ 8. c3 Be7 9. Bf7+ Kf8 10. Bc4 d6 11. Be2 dxe5 12. Bxe5 Nc6 13. Bxf6 Bxf6 14. Nd2 Bh4 15. Qc2 e3 16. Ne4 Bf5 17. Bd3 e2 18. Qxe2 Re8 19. 0-0-0 Bxe4 20. Bxe4 Rxe4 21. Qb5 Qg5+ 22. Qxg5 Bxg5+ 23. f4 Bxf4+ 24. Kc2 Kf7 25. Rf2 Ke7 26. a4 Rf8 27. b4 g5 28. Kb3 a5 29. b5 Nd8 30. h3 Re3 31. Rh1 Bg3 32. Rxf8 Kxf8 0-1

[Event "SC-2022-0-00416"]
[Site "LSS email"]
[Date "2022.04.19"]
[Round "?"]
[White "Sofia, Gerardo"]
[Black "Kaupat, Thomas"]
[Result "1/2-1/2"]
[WhiteElo "1729"]
[BlackElo "1655"]
[PlyCount "66"]
[EventDate "2021.10.30"]
[EventType "tourn (corr)"]
[EventRounds "6"]
[EventCountry "GER"]
[SourceTitle "Corr 2024"]
[Source "ChessBase"]
[SourceDate "2023.10.19"]
[SourceVersion "1"]
[SourceVersionDate "2023.10.19"]
[SourceQuality "1"]

1. d4 e6 2. c4 d5 3. Nf3 c5 4. cxd5 exd5 5. Nc3 Nf6 6. dxc5 Bxc5 7. e3 0-0 8. Bd3 Nc6 9. 0-0 Bg4 10. h3 Bh5 11. g4 Bg6 12. Bxg6 hxg6 13. Kg2 Re8 14. g5 Ne4 15. Qxd5 Qxd5 16. Nxd5 Rad8 17. Nf4 Ne7 18. b3 Nf5 19. Re1 Rc8 20. Re2 Nc3 21. Re1 Ne4 22. Bb2 Nxf2 23. Kxf2 Bxe3+ 24. Rxe3 Rxe3 25. Rc1 Rxc1 26. Bxc1 Rc3 27. Ne2 Rc2 28. a3 f6 29. Bf4 b5 30. Ke1 Rb2 31. Nd2 Ra2 32. Nb1 Rb2 33. Nd2 Ra2 1/2-1/2

[Event "SC-2022-0-00415"]
[Site "LSS email"]
[Date "2022.03.11"]
[Round "?"]
[White "Gomez Galan Arense, Joaquin"]
[Black "Kaupat, Thomas"]
[Result "1-0"]
[WhiteElo "1766"]
[BlackElo "1651"]
[PlyCount "69"]
[EventDate "2021.10.12"]
[EventType "tourn (corr)"]
[EventRounds "6"]
[EventCountry "GER"]
[SourceTitle "Corr 2024"]
[Source "ChessBase"]
[SourceDate "2023.10.19"]
[SourceVersion "1"]
[SourceVersionDate "2023.10.19"]
[SourceQuality "1"]

1. e4 e5 2. Nf3 d6 3. d4 Nf6 4. Nc3 Be7 5. dxe5 dxe5 6. Qxd8+ Bxd8 7. Nxe5 0-0 8. Bf4 Nbd7 9. Nxd7 Bxd7 10. f3 Re8 11. 0-0-0 Be6 12. Nb5 c6 13. Nc7 Bxc7 14. Bxc7 Rac8 15. Bg3 b5 16. b3 a6 17. Rd6 Nd7 18. Be2 Nc5 19. Re1 f5 20. exf5 Bxf5 21. Bf2 Nb7 22. Rdd1 Rcd8 23. g4 Bg6 24. Rxd8 Nxd8 25. f4 Bf7 26. Bf3 Rxe1+ 27. Bxe1 Ne6 28. Bxc6 Nxf4 29. Bb7 Ne2+ 30. Kd2 Ng1 31. Bf2 Nh3 32. Be3 Be6 33. Bxa6 b4 34. Bc5 Ng5 35. Ke3 1-0

[Event "SC-2022-0-00414"]
[Site "LSS email"]
[Date "2022.01.15"]
[Round "?"]
[White "Vio, Mauro"]
[Black "Kaupat, Thomas"]
[Result "1-0"]
[WhiteElo "1706"]
[BlackElo "1670"]
[PlyCount "83"]
[EventDate "2021.09.14"]
[EventType "tourn (corr)"]
[EventRounds "6"]
[EventCountry "GER"]
[SourceTitle "Corr 2024"]
[Source "ChessBase"]
[SourceDate "2023.10.19"]
[SourceVersion "1"]
[SourceVersionDate "2023.10.19"]
[SourceQuality "1"]

1. e4 e6 2. d4 d5 3. e5 c5 4. c3 Nc6 5. Nf3 Qb6 6. a3 c4 7. Nbd2 Na5 8. Rb1 Bd7 9. Be2 Ne7 10. h4 h6 11. Qc2 0-0-0 12. h5 Kb8 13. Bd1 Qc7 14. Nf1 f6 15. g3 Nec6 16. Bf4 fxe5 17. Bxe5 Bd6 18. Bxg7 Rhg8 19. Bxh6 e5 20. Ne3 exd4 21. cxd4 Nb3 22. Rh4 Be6 23. Kf1 Qf7 24. Bf4 Bxf4 25. Rxf4 Qxh5 26. Rh4 Qf7 27. Qe2 Rdf8 28. Bxb3 cxb3 29. Kg2 Qe7 30. Rbh1 Bg4 31. Rxg4 Rxg4 32. Qd3 Rg7 33. Nf5 Qe4 34. Qxe4 dxe4 35. Nxg7 exf3+ 36. Kh2 Nxd4 37. Nh5 Ne6 38. g4 Nc5 39. Rf1 a5 40. Kg3 a4 41. g5 Ne4+ 42. Kg4 1-0

[Event "OP-2022-0-05237"]
[Site "LSS email"]
[Date "2022.01.03"]
[Round "?"]
[White "Kaupat, Thomas"]
[Black "Neumann, Ulf"]
[Result "1-0"]
[WhiteElo "1670"]
[BlackElo "1929"]
[PlyCount "53"]
[EventDate "2022.01.02"]
[EventType "tourn (corr)"]
[EventRounds "4"]
[EventCountry "GER"]
[SourceTitle "Corr 2024"]
[Source "ChessBase"]
[SourceDate "2023.10.19"]
[SourceVersion "1"]
[SourceVersionDate "2023.10.19"]
[SourceQuality "1"]

1. e4 e5 2. Nf3 Nc6 3. Bc4 Bc5 4. b4 Bxb4 5. c3 Ba5 6. d4 exd4 7. Qb3 Qe7 8. 0-0 Bb6 9. cxd4 Nxd4 10. Nxd4 Bxd4 11. Nc3 Nf6 12. Ba3 d6 13. Rad1 Bxc3 14. Qxc3 Qe5 15. Qc1 Ng4 16. f4 Qh5 17. h3 Qa5 18. hxg4 Bxg4 19. Rd3 Be2 20. Rg3 Bxf1 21. Kxf1 Rf8 22. Rxg7 Qa4 23. Qc3 0-0-0 24. Rxh7 Rd7 25. g3 Re8 26. Qb3 Qxb3 27. axb3 1-0